| 000 | 00759nam a2200229 a 4500 | ||
|---|---|---|---|
| 001 | 13886 | ||
| 003 | BD-JhCC | ||
| 005 | 20240512083035.0 | ||
| 008 | 171230s20102015bg |||| ||a| 000 0 ben d | ||
| 020 | _a9844581958 | ||
| 035 | _a(BD-JhCC)13886 | ||
| 040 |
_aBD-JhCC _dBD-JhCC |
||
| 041 | _aben | ||
| 082 |
_a891.44 _bIQB 2008 |
||
| 100 | _aইকবাল, মুহম্মদ জাফর | ||
| 245 |
_aবিজ্ঞান কল্পকাহিনী যারা বায়োবট / _c মুহম্মদ জাফর ইকবাল |
||
| 260 |
_aঢাকা : _bতাম্রলিপি প্রকাশনী, _c2015. |
||
| 300 |
_a79 p. : _c20 cm. |
||
| 650 | _aBengali Science Fiction | ||
| 942 |
_2ddc _cBK |
||
| 999 |
_c13886 _d13886 |
||